Patologičeskaja fiziologija sel´skochoziajstvenych životnych /

Uložené v:
Podrobná bibliografia
Hlavní autori: Dalmatov, M. K. (Author), Žuravel´, A. A. (Author), Koropov, V. M. (Author)
Médium: Kniha
Jazyk:Russian
Vydané: Moskva : Sel´chozgiz, 1955.
Fyzický popis: 349 strán.
Tagy: Pridať tag
Žiadne tagy, Buďte prvý kto otaguje tento záznam!

MARC

LEADER 00000nam a22000002i 4500
001 000689727
005 20221216143739.0
008 221216s1955 ru e 000 0 rus d
020 |c Kčs 10,00  |q (viazané) 
040 |a SVKKK  |b slo  |c SVKKK  |e rda 
041 0 |a rus 
044 |a ru  |c RU 
100 1 |a Dalmatov, M. K.  |4 aut 
245 1 0 |a Patologičeskaja fiziologija sel´skochoziajstvenych životnych /  |c M. K. Dalmatov, A. A. Žuravel´, V. M. Koropov. 
264 1 |a Moskva :  |b Sel´chozgiz,  |c 1955. 
300 |a 349 strán. 
336 |a text  |b txt  |2 rdacontent 
337 |a bez média  |b n  |2 rdamedia 
338 |a zväzok  |b nc  |2 rdacarrier 
500 |a Záznam revízie 
700 1 |a Žuravel´, A. A.  |4 aut 
700 1 |a Koropov, V. M.  |4 aut 
910 |a svkkk 
998 |a BK 
090 |g SCKHL  |k Sklad Pribinova 3. posch.  |a V.12307  |j 115240  |i 2720929117  |s Vyradená